Agenda tecnológica en la cadena de valor de la industria vitivinícola de Chile
Saved in:
| Hovedforfatter: | |
|---|---|
| Format: | Bog |
| Sprog: | spansk |
| Udgivet: |
Santiago
PUC
2008
Santiago Agraria Sur 2008 |
| Serier: | Chile Potencia Alimentaria y Forestal
|
| Fag: | |
| Tags: |
Tilføj Tag
Ingen Tags, Vær først til at tagge denne postø!
|
MARC
| LEADER | 00000nam a2200000 a 4500 | ||
|---|---|---|---|
| 001 | UCH9827 | ||
| 003 | CL-VaPUC | ||
| 008 | 100121e20081100cl |||||||||||||||||spa|d | ||
| 082 | 0 | 4 | |a 634.8 |b LEI |2 21 |
| 100 | |a Leiva Valenzuela, Jorge Alejandro |e author |9 776885 | ||
| 245 | 1 | 0 | |a Agenda tecnológica en la cadena de valor de la industria vitivinícola de Chile |
| 300 | |a 43 p | ||
| 942 | |c BK | ||
| 945 | |d 20100121 00:00:00 |a dcastane | ||
| 260 | |a Santiago |b PUC |c 2008 | ||
| 260 | |a Santiago |b Agraria Sur |c 2008 | ||
| 650 | 0 | |a Agricultura |9 255598 | |
| 650 | 0 | |a Industria vitivinícola |9 426235 | |
| 650 | 0 | |a Viñas |9 365101 | |
| 583 | |a last modification |c 20180514 10:48:29 |k Rodrigo Vera | ||
| 490 | 0 | |a Chile Potencia Alimentaria y Forestal | |
| 999 | |c 339714 |d 339712 | ||